FFT-PEEC: (Record no. 18885)
[ view plain ]
| 000 -LEADER | |
|---|---|
| fixed length control field | 01124nam a22002657a 4500 |
| 003 - CONTROL NUMBER IDENTIFIER | |
| control field | OSt |
| 005 - DATE AND TIME OF LATEST TRANSACTION | |
| control field | 20251017202501.0 |
| 008 - FIXED-LENGTH DATA ELEMENTS--GENERAL INFORMATION | |
| fixed length control field | 240202b ||||| |||| 00| 0 eng d |
| 040 ## - CATALOGING SOURCE | |
| Transcribing agency | 0 |
| 082 ## - DEWEY DECIMAL CLASSIFICATION NUMBER | |
| Classification number | DPer 621.317 Ie21 January 2022 v. 37 n. 1 |
| 100 ## - MAIN ENTRY--PERSONAL NAME | |
| Personal name | Torchio, Ricardo. |
| Relator term | author. |
| 9 (RLIN) | 51245 |
| 245 ## - TITLE STATEMENT | |
| Title | FFT-PEEC: |
| Remainder of title | a fast tool from CAD to power electronics simulations / |
| Statement of responsibility, etc. | Ricardo Torchio, Francesco Lucchini, Jean Luc Schanen, Oliver Chadebec, and Gerard Meunier. |
| 260 ## - PUBLICATION, DISTRIBUTION, ETC. (IMPRINT) | |
| Place of publication, distribution, etc. | New York ; |
| Name of publisher, distributor, etc. | The Institute of Electrical and Electronics Engineers, Inc. , |
| Date of publication, distribution, etc. | January 2022. |
| 300 ## - PHYSICAL DESCRIPTION | |
| Extent | Volume 37, pages 700-713 : |
| Other physical details | illustration ; |
| Dimensions | 28 cm. |
| 500 ## - GENERAL NOTE | |
| General note | IEEE Transactions on Power Electronic, v. 37 n. 1, pages 700-713, January 2022. |
| 650 ## - SUBJECT ADDED ENTRY--TOPICAL TERM | |
| Topical term or geographic name as entry element | Electronics. |
| 9 (RLIN) | 57165 |
| 650 ## - SUBJECT ADDED ENTRY--TOPICAL TERM | |
| Topical term or geographic name as entry element | Electric circuit. |
| 9 (RLIN) | 25991 |
| 650 #0 - SUBJECT ADDED ENTRY--TOPICAL TERM | |
| Topical term or geographic name as entry element | Power electronics. |
| 9 (RLIN) | 65750 |
| 700 ## - ADDED ENTRY--PERSONAL NAME | |
| Personal name | Torchio, Ricardo. |
| Relator term | author. |
| 9 (RLIN) | 51245 |
| 700 ## - ADDED ENTRY--PERSONAL NAME | |
| Personal name | Lucchini, Francesco. |
| Relator term | author. |
| 9 (RLIN) | 51246 |
| 700 ## - ADDED ENTRY--PERSONAL NAME | |
| Personal name | Schanen, Jean Luc. |
| Relator term | author. |
| 9 (RLIN) | 51247 |
| 700 ## - ADDED ENTRY--PERSONAL NAME | |
| Personal name | Chadebec, Oliver. |
| Relator term | author. |
| 9 (RLIN) | 51248 |
| 700 ## - ADDED ENTRY--PERSONAL NAME | |
| Personal name | Meunier, Gerard. |
| Relator term | author. |
| 9 (RLIN) | 51249 |
| 942 ## - ADDED ENTRY ELEMENTS (KOHA) | |
| Source of classification or shelving scheme | Dewey Decimal Classification |
| Koha item type | Periodicals |
| Withdrawn status | Lost status | Source of classification or shelving scheme | Damaged status | Not for loan | Collection code | Home library | Current library | Date acquired | Total Checkouts | Full call number | Date last seen | Price effective from | Koha item type | Public note |
|---|---|---|---|---|---|---|---|---|---|---|---|---|---|---|
| Dewey Decimal Classification | Periodicals | UM Digos College - LIC | UM Digos College - LIC | 02/02/2024 | DPer 621.317 Ie21 January 2022 v. 37 n. 1 | 02/02/2024 | 02/02/2024 | Periodicals | Periodical Article |
